Análisis del marco legal en Colombia para la implementación de prácticas en bioprospección (Registro nro. 16416)

Detalles MARC
000 -CABECERA
Campo de control 005930000a22001810004500
090 ## - CLASIFICACIÓN LOCAL
Colección SERIADAS
044 ## - PAÍS DE PUBLICACIÓN
País de publicación
041 0# - IDIOMA
Código de idioma para texto/pista de sonido o título separado
100 1# - ASIENTO PRINCIPAL--NOMBRE PERSONAL
Nombre personal Duarte, Oscar
245 10 - MENCION DE TITULO
Título Análisis del marco legal en Colombia para la implementación de prácticas en bioprospección
650 14 - ASIENTO SECUNDARIO DE MATERIA - TERMINO TEMATICO
Término temático o nombre geográfico como elemento de entrada Bioprospección
650 14 - ASIENTO SECUNDARIO DE MATERIA - TERMINO TEMATICO
Término temático o nombre geográfico como elemento de entrada Legislación ambiental
650 14 - ASIENTO SECUNDARIO DE MATERIA - TERMINO TEMATICO
Término temático o nombre geográfico como elemento de entrada Acceso a los recursos genéticos
650 14 - ASIENTO SECUNDARIO DE MATERIA - TERMINO TEMATICO
Término temático o nombre geográfico como elemento de entrada Conocimiento tradicional
700 1# - ASIENTO SECUNDARIO - NOMBRE PERSONAL
Nombre personal Velho, Lea
773 1# - Item fuente:
Título Acta biológica colombiana
Descripción física 2
Paginas del Articulo 103-121
Lugar, editorial y fecha de publicación 2008
Información sobre la relación 13
942 ## - ELEMENTOS ADICIONALES (KOHA)
Tipo de ítem Artículo

No hay ítems disponibles.